Syntactic and semantic analysis of esse a study through livy's prose /

Guardat en:
Dades bibliogràfiques
Autor principal: Cabrillana Leal, Concepción
Autor corporatiu: e-libro, Corp
Format: eBook
Idioma:anglès
Publicat: [Santa Fe, Argentina] : e-Libro|El Cid Editor, 2009.
Matèries:
Accés en línia:https://elibro.unach.elogim.com/es/lc/unach/titulos/36337
Etiquetes: Afegir etiqueta
Sense etiquetes, Sigues el primer a etiquetar aquest registre!

MARC

LEADER 00000nam a2200000 a 4500
001 ELB36337
003 FlNmELB
006 m o d |
007 cr cn|||||||||
008 201003r2009 ag |||||s|||||||||||eng d
020 |z 9781449221485 
035 |a (MiAaPQ)EBC3186904 
035 |a (Au-PeEL)EBL3186904 
035 |a (CaPaEBR)ebr10365223 
035 |a (OCoLC)928971014 
040 |a FlNmELB  |b spa  |c FlNmELB 
050 4 |a P49  |b C117 2009 
080 |a 80 
082 0 4 |a 410  |2 22 
100 1 |a Cabrillana Leal, Concepción. 
245 1 0 |a Syntactic and semantic analysis of esse  |h [recurso electronico] :  |b a study through livy's prose /  |c Concepción Cabrillana Leal. 
260 |a [Santa Fe, Argentina] :  |b e-Libro|El Cid Editor,  |c 2009. 
300 |a v, 112 p. 
533 |a Recurso electrónico. Santa Fe, Arg.: e-libro, 2015. Disponible vía World Wide Web. El acceso puede estar limitado para las bibliotecas afiliadas a e-libro. 
650 4 |a Filología. 
650 4 |a Filologia. 
650 4 |a Philology. 
655 4 |a Libros electrónicos. 
710 2 |a e-libro, Corp. 
856 4 0 |u https://elibro.unach.elogim.com/es/lc/unach/titulos/36337